[Event "Oberliga NRW 0708"]
[Site "Germany"]
[Date "2008.04.27"]
[Round "9.1"]
[White "Koch, Thomas3"]
[Black "Wehmeier, Stefan"]
[Result "1/2-1/2"]
[WhiteElo "2442"]
[BlackElo "2417"]
[PlyCount "39"]
[EventDate "2007.09.16"]
[EventType "team-tourn"]
[EventRounds "9"]
[EventCountry "GER"]
[SourceTitle "EXT 2009"]
[Source "ChessBase"]
[SourceDate "2008.11.26"]
[SourceVersion "1"]
[SourceVersionDate "2008.11.26"]
[SourceQuality "1"]
[WhiteTeam "Aachen"]
[BlackTeam "Lippstadt Turm"]
[WhiteTeamCountry "GER"]
[BlackTeamCountry "GER"]

1. d4 d5 2. Nf3 Nf6 3. c4 c6 4. Nc3 e6 5. e3 a6 6. c5 b6 7. cxb6 Nbd7 8. Bd2 Nxb6 9. Rc1 Bd7 10. Bd3 Bd6 11. e4 dxe4 12. Nxe4 Nxe4 13. Bxe4 Nd5 14. 0-0 0-0 15. Re1 Qb6 16. Qc2 Nf6 17. Bd3 h6 18. Ne5 Qxd4 19. Bc3 Qa7 20. Nxd7 1/2-1/2

[Event "Oberliga NRW 0708"]
[Site "Germany"]
[Date "2008.02.10"]
[Round "6.2"]
[White "Wehmeier, Stefan"]
[Black "Wessendorf, Thomas"]
[Result "1-0"]
[WhiteElo "2417"]
[BlackElo "2315"]
[PlyCount "46"]
[EventDate "2007.09.16"]
[EventType "team-tourn"]
[EventRounds "9"]
[EventCountry "GER"]
[SourceTitle "EXT 2009"]
[Source "ChessBase"]
[SourceDate "2008.11.26"]
[SourceVersion "1"]
[SourceVersionDate "2008.11.26"]
[SourceQuality "1"]
[WhiteTeam "Lippstadt Turm"]
[BlackTeam "Katernberg II"]
[WhiteTeamCountry "GER"]
[BlackTeamCountry "GER"]

1. d4 g6 2. c4 Bg7 3. Nc3 c5 4. d5 Bxc3+ 5. bxc3 f5 6. g4 fxg4 7. h3 g3 8. fxg3 Qa5 9. Qd3 d6 10. e4 Nf6 11. Bg2 Nbd7 12. Bf4 Nb6 13. Nf3 Qa4 14. e5 Bf5 15. Qe2 dxe5 16. Nxe5 Qc2 17. Qxc2 Bxc2 18. 0-0 Rd8 19. Rf2 Be4 20. a4 Nc8 21. Re1 Nd6 22. Bf1 h6 23. Ng4 Nxd5 1-0

[Event "Oberliga NRW 0708"]
[Site "Germany"]
[Date "2007.11.04"]
[Round "3.2"]
[White "Klyuner, Vyacheslav"]
[Black "Wehmeier, Stefan"]
[Result "0-1"]
[WhiteElo "2411"]
[BlackElo "2417"]
[PlyCount "44"]
[EventDate "2007.09.16"]
[EventType "team-tourn"]
[EventRounds "9"]
[EventCountry "GER"]
[SourceTitle "EXT 2009"]
[Source "ChessBase"]
[SourceDate "2008.11.26"]
[SourceVersion "1"]
[SourceVersionDate "2008.11.26"]
[SourceQuality "1"]
[WhiteTeam "Dortmund Hansa"]
[BlackTeam "Lippstadt Turm"]
[WhiteTeamCountry "GER"]
[BlackTeamCountry "GER"]

1. e4 e5 2. Nf3 Nc6 3. Bb5 Nf6 4. 0-0 Nxe4 5. d4 a6 6. Bxc6 dxc6 7. Re1 Nf6 8. Bg5 e4 9. Bxf6 gxf6 10. Rxe4+ Be6 11. Nc3 Be7 12. Qe2 Qd7 13. Na4 0-0-0 14. Re1 Rhg8 15. Qe3 b6 16. Rh4 Bd6 17. Rxh7 Bd5 18. Nh4 Rde8 19. Qd2 Bf4 20. Qd1 Rxe1+ 21. Qxe1 Re8 22. Qa1 Bd2 0-1

[Event "Kaupthing op-A 1st"]
[Site "Differdange"]
[Date "2007.07.12"]
[Round "7"]
[White "Wehmeier, Stefan"]
[Black "Brittner, Serge"]
[Result "1-0"]
[WhiteElo "2417"]
[BlackElo "2294"]
[PlyCount "89"]
[EventDate "2007.07.07"]
[EventType "swiss"]
[EventRounds "9"]
[EventCountry "LUX"]
[SourceTitle "CBM 119 Extra"]
[Source "ChessBase"]
[SourceDate "2007.09.04"]
[SourceVersion "1"]
[SourceVersionDate "2007.09.04"]
[SourceQuality "1"]

1. e4 e6 2. d4 d5 3. Nc3 Bb4 4. e5 c5 5. a3 Bxc3+ 6. bxc3 Ne7 7. Qg4 0-0 8. Nf3 Nbc6 9. Bd3 f5 10. exf6 Rxf6 11. Bg5 e5 12. Bxh7+ Kxh7 13. Qh5+ Kg8 14. Bxf6 gxf6 15. dxe5 Nxe5 16. Nxe5 fxe5 17. Qxe5 Ng6 18. Qe3 Qe7 19. Qxe7 Nxe7 20. 0-0-0 Be6 21. Rhe1 Kf7 22. c4 d4 23. Re5 Rc8 24. Rde1 Rc6 25. h4 Ng6 26. R5e4 Bf5 27. Re8 Be6 28. Rb8 Nxh4 29. Rxb7+ Kf6 30. g3 Nf3 31. Re4 Ne5 32. Rxa7 Nxc4 33. a4 Bf5 34. Ree7 Bg6 35. f4 Rd6 36. g4 Bxc2 37. Rf7+ Kg6 38. Rg7+ Kh6 39. Kxc2 d3+ 40. Kc3 d2 41. Rh7+ Kg6 42. Rag7+ Kf6 43. Rd7 Kg6 44. Rxd6+ Nxd6 45. Rh1 1-0